000 01019nam a22002057a 4500
999 _c12066
_d12066
003 Ge_BSU
005 20190420191453.0
008 181216s2007 ge ||||| |||| 00| 0 geo d
041 _ageo
080 _a9789941209536
245 _aსაქართველო ინფორმაციის სათავეებთან /
_cავტორ-შემდგნ.: ივ.გორგიძე და [სხვ.] ; მთ. რედ. ა. ფრანგიშვილი და [სხვ.].
264 _aთბილისი :
_bტექნიკური უნივერსიტეტი,
_c2017.
300 _a346 გვ. :
_bილ.
504 _aბიბლიოგრ. გვ.339.
653 _aავტომატიზაცია
653 _aინფორმატიზაცია
700 _aგორგიძე, ივ.
_eშემდგენელი
_978
700 _aფრანგიშვილი, ა.
_eმთ. რედაქტორი
_979
942 _2udc
_cBK